02195nam a2200301Ia 4500001000600000003000900006008004100015040001300056040001300069041001300082100002200095100002900117245006100146245006100207250001100268260001000279260001600289260004900305300005700354500115400411650002501565650003101590942000701621957000601628999001701634999000601651952023601657G2142IT-RoPAU130308s9999 xx 000 0 und d aIT-RoPAU cIT-RoPAU aFRANCESE aFrancois Frederic gCodice Aut. SPICS: 6466 aDiscours et ses entours (Le). Essai sur l'interpretation bDiscours et Ses Entours (Le). Essai Sur L'Interpretation a1a ed. aPARIS bL'Harmattan c1998 [1° Ed.:1998 - Ed.Ling.Originale:1998] a"288 p. (prefazione: no ; testo: 288 [pagine: 0-0])" aDiscorso e Suoi Dintorni: Saggio Sull'Interpretazione. Punto di Vista. doppio Sviluppo e Pluralità dei Dintorni. Corpo vivente Come Interpretante. Molteplicità delle Interpretazioni. Comunanza e Differenza. Punto di Vista Come Intermediario. Dintorni, Affetti e Atmosfere: Affetti Dintorni ed Espressione, Emozioni: Dialogo con Dumouchel, Risentimento e relazione Interna/Esterna, Movimento Semiotico Interpretazione e Follia. Linguaggio, Generi Emondi: Genere e Interpretazione, Ripetizione e Imitazione, forme Elementari di Enunciati e Variazioni Interpretative, testo Come Sottinteso Dai movimenti Semiotici, Statuto della Letteratura. Nomi, nozioni e Dintorni: Parole, Rapporti tra Parola e Nozione, modificazioni semiotiche e Nozionali, Genericità e Modalità, Parole mondi e Generi, Esempio di movimenti Nozionali:Violence nel pensiero di Hannah Arendt, Caricature o Pseudo Movimenti, Essenze e movimenti Nozionali, nozioni e Loro Atmosfere. Soggetto Come Movimenti: forme del Soggetto Movimento, Soggettività Parole e Nozioni, Intersoggettività Temporalità e Pathos, Affetto e Moralità, Soggettività Identità e Alterita'. aSAGGI DI LINGUISTICA eCodice materia Spics: 3207 cBK 71 c87927d87927 g1 0010406G_000000000000000_214271aSPICSbSPICSd2013-03-08l0oG2142r2013-03-08 00:00:00w2013-03-08yBKzProgressivo inserimento: 3559 / N. Volumi: 1 Copie: 1 / data import: 1 marzo 2013 - By Epidotti, Trombetti, Vaglietti.